Which are the real Countries? - Statistics

General Stats
  • This quiz has been taken 106 times
  • The average score is 13 of 19
Answers on the Grid
Answers color-coded by a green-red scale on the quiz's grid according to % correct below.
India
United States of America
England
Cyprus
Turkey
Puerto Rico
Helenski
Malta
Mozambique
Georgia
Florida
Tarma
Momivir
Kiribati
Canada
Bahamas
Chido
Suriname
Riabo
Portugal
Israel
Hanoi
Nigeria
Niger
Samoa
Fort Illinois
American Islands
Chad
Moldova
Brokea
Guatemala
Costa Ruca
Loterdame
 
Answer Stats
Answer % Correct
India
100%
United States of America
98%
Turkey
83%
Cyprus
82%
Georgia
69%
Malta
69%
Nigeria
68%
Portugal
66%
Chad
65%
Guatemala
65%
Samoa
65%
Bahamas
63%
Canada
63%
Kiribati
63%
Moldova
63%
Israel
62%
Mozambique
62%
Niger
62%
Suriname
60%
No matching quizzes found
Score Distribution
Percent of People with Each Score
Percentile by Number Answered
Your Score History
You have not taken this quiz